|
|
|
|
| LEADER |
01280nam a2200301 a 4500 |
| 001 |
4888101 |
| 008 |
100208s1994 nyua b 001 0 eng d |
| 010 |
|
|
|a 93021312
|
| 020 |
|
|
|a 0387941738 (New York)
|
| 020 |
|
|
|a 3540941738 (Berlin)
|
| 040 |
|
|
|a DLC
|c DLC
|d DLC
|d DB-DhAAL
|
| 082 |
0 |
0 |
|a 621.382/2
|2 20
|
| 100 |
1 |
|
|a Poor, H. Vincent.
|
| 245 |
1 |
3 |
|a An introduction to signal detection and estimation /
|c H. Vincent Poor.
|
| 250 |
|
|
|a 2nd ed.
|
| 260 |
|
|
|a New York :
|b Springer-Verlag,
|c c1994.
|
| 300 |
|
|
|a x, 398 p. :
|b ill. ;
|c 25 cm.
|
| 490 |
0 |
|
|a Springer texts in electrical engineering
|
| 500 |
|
|
|a "A Dowden & Culver book."
|
| 504 |
|
|
|a Includes bibliographical references (p. [387]-391) and index.
|
| 541 |
1 |
|
|e 00019750
|
| 650 |
|
0 |
|a Signal detection.
|
| 650 |
|
0 |
|a Signal theory (Telecommunication)
|
| 650 |
|
0 |
|a Estimation theory.
|
| 852 |
4 |
|
|a Ayesha Abed Library
|j General Shelf.
|
| 999 |
|
|
|c 7406
|d 7406
|
| 952 |
|
|
|0 0
|1 0
|2 ddc
|4 0
|6 621_382200000000000_POO_1994
|7 0
|9 7922
|a BRACUL
|b BRACUL
|c GEN
|d 2010-02-09
|e Karim International
|l 0
|o 621.3822 POO
|p 3010019750
|r 2010-02-09
|t 1
|w 2010-02-09
|y BK
|
| 952 |
|
|
|0 0
|1 0
|2 ddc
|4 0
|6 621_382200000000000_POO_1994
|7 0
|9 7923
|a BRACUL
|b BRACUL
|c GEN
|d 2010-02-09
|e Karim International
|l 0
|o 621.3822 POO
|p 3010019751
|r 2010-02-09
|t 2
|w 2010-02-09
|y BK
|